000 00372nam a22001571a 4500
020 _a9788185469683
082 _aH4
_bRAJ/H
100 _aRaj Kishore
245 _aHindi leghak aur uska samaj/
_cby Raj Kishore
260 _aHariyana:
_bAadhar,
_c1996.
300 _a170p.
650 _aEssays Hindi
650 _aLiterature Hindi
650 _aLiterature
942 _cBK
999 _c17584
_d17584